| 000 | 01330nam a22004337a 4500 | ||
|---|---|---|---|
| 001 | 0028742 | ||
| 003 | KOHA_MİRAKIL | ||
| 005 | 20260207002639.0 | ||
| 007 | ta | ||
| 008 | 110321b1982 tu |||gr||||#||||0|tur | | ||
| 020 | _c0,01 | ||
| 040 |
_aTR-BiSEU _btur _cTR-BiSEU _erda |
||
| 041 | 0 | _atur | |
| 044 | _ctu | ||
| 050 |
_aHF5415 _b.P29 1982 |
||
| 245 | 0 |
_aPazarlama yönetimi : _bvak'alar/ _cedt. Muhittin Karabulut, İsmail Kaya. |
|
| 264 | 1 |
_aİstanbul : _bİstanbul Üniversitesi İşletme Fakültesi İşletme İktisadı Enstitüsü _c1982 |
|
| 300 |
_a XIII, 254 s. ; _c23cm. |
||
| 336 |
_ametin _btxt _2rdacontent |
||
| 337 |
_aaracısız _bn _2rdamedia |
||
| 338 |
_acilt _bnc _2rdacarrier |
||
| 490 | 0 | _aİstanbul Üniversitesi yayın no. | |
| 490 | 0 | _a2889. | |
| 490 | 0 | _aİşletme Fakültesi yayın no. | |
| 490 | 0 | _a128. | |
| 490 | 0 | _aİşletme İktisadı Ens. | |
| 490 | 0 | _ayayın no. | |
| 490 | 0 | _a55 | |
| 650 | 0 |
_aPazarlama--Vaka çalışması. _956914 |
|
| 650 | 0 |
_aMarketing--Case studies. _936405 |
|
| 830 | 0 |
_aİstanbul Üniversitesi yayın no. _933108 |
|
| 830 | 0 |
_a2889. _956915 |
|
| 830 | 0 |
_aİşletme Fakültesi yayın no. _910652 |
|
| 830 | 0 |
_a128. _910537 |
|
| 830 | 0 |
_aİşletme İktisadı Ens. _956916 |
|
| 830 | 0 |
_ayayın no. _922792 |
|
| 830 | 0 |
_a55 _916913 |
|
| 942 |
_2lcc _cBK |
||
| 999 |
_c28664 _d28664 |
||